[Event "1st Easter Festival-A 2021"]
[Site "Bassano del Grappa"]
[Date "2021.04.02"]
[Round "2.7"]
[White "Bellahcene, Bilel"]
[Black "Deuer, Marius"]
[Result "1-0"]
[WhiteElo "2517"]
[BlackElo "2231"]
[Annotator "TA"]
[PlyCount "125"]
[EventDate "2021.04.01"]
[EventType "swiss"]
[EventCountry "ITA"]
[SourceTitle "playchess.com"]
[Source "ChessBase"]
[SourceQuality "1"]

{[%evp 9,125,14,8,-8,-8,-8,-8,-16,-14,-30,-27,-13,-20,-3,-5,-18,17,25,2,7,12,8,20,26,15,16,7,0,34,15,46,33,0,0,70,61,147,139,143,35,90,-58,0,0,0,0,0,0,34,15,15,4,7,7,7,6,41,52,43,35,38,52,45,37,37,37,37,37,37,37,37,39,86,67,77,77,164,134,171,156,250,218,220,221,221,227,236,216,250,257,467,456,634,624,869,859,2284,2265,29985,29986,29987,29988,29988,29980,29979,29980,29990,29989,29989,29990,29992,29993,29997,29996,29997,29998,29998,29999]} 1. d4 Nf6 2. c4 e6 3. Nf3 b6 4. g3 Ba6 5. Qc2 c5 6. d5 {E15: Queen's Indian: 4 g3 sidelines, 4 g3 Ba6 and 4 g3 Bb7 early deviations.} exd5 7. cxd5 Bb7 $1 8. e4 {The position is equal.} Qe7 9. Bd3 {And now 0-0 would win.} Nxd5 $1 {Threatens to win with ...Nb4.} 10. a3 Nc7 11. O-O g6 12. Nc3 {[#]} Bg7 $146 ({Predecessor:} 12... Ne6 13. Nd5 Qd8 14. b4 Bg7 15. Bb2 O-O 16. Bxg7 Kxg7 17. Bc4 Nc6 18. Qb2+ f6 {½-½ (37) Schueppel,R (2315)-Adelseck,H (2257) GER email 2010}) 13. Bg5 $1 {[%cal Rg5e7]} f6 14. Bf4 d6 $1 15. Bb5+ Bc6 $1 {[#]} 16. Nd5 $1 $36 {[%mdl 2048] White is pushing.} Qd7 ({Don't go for} 16... Nxd5 $2 17. exd5 Bxb5 18. Rfe1 $18) 17. Nxc7+ Qxc7 18. Bc4 Nd7 (18... g5 $5 {[%cal Rg5f4]} 19. Bd2 Qe7 $11) 19. Rfd1 Ne5 20. Bxe5 dxe5 21. b4 b5 (21... Bf8 $11) 22. Bd5 $1 $14 {[%mdl 1024] White has compensation.} c4 (22... Bf8 $14) 23. a4 $16 Rc8 ({Wrong is} 23... bxa4 $2 24. Qxc4 Rc8 25. Rdc1 $18) 24. Be6 (24. Bxc6+ $16 Qxc6 25. axb5) 24... Rd8 (24... a6 $1 $14) 25. Rdc1 (25. Rxd8+ $16 Kxd8 26. axb5 Bxb5 27. Nd2) 25... Ke7 ({Black should try} 25... Bh6 $1 $15 26. axb5 Bxb5 27. Bxc4 Bxc4 28. Qxc4 Rd1+ $1 29. Kg2 Qxc4 30. Rxc4 Rxa1 31. Rc8+ Kf7 32. Rxh8 Ra4) 26. axb5 $11 Bxb5 27. Bxc4 Bxc4 28. Qxc4 Qxc4 29. Rxc4 Rd7 30. Ne1 Rb8 31. Nc2 Bh6 32. Ra6 Rbb7 33. Rcc6 Bg7 34. Ne3 Rd4 35. f3 Kf7 36. b5 Rb4 37. Nc4 Bf8 38. Rxf6+ Kg7 $1 39. Rfc6 R4xb5 40. Kg2 Rc5 41. h4 {Black is on the road to losing.} Rxc6 42. Rxc6 $14 {[%mdl 4096] Endgame KRB-KRN} Be7 (42... a5 $16 {was necessary.}) 43. Nxe5 $18 Rb2+ {[#]} 44. Kh3 $1 {aiming for Rc7.} a5 (44... Rb5 $16) 45. Ra6 Bb4 46. Ra7+ Kg8 47. Nd3 Rb1 48. Kg4 Bc3 49. Nf4 Ra1 $2 (49... Rf1 50. h5 gxh5+ 51. Nxh5 Bd4 52. Rxa5 Ra1) 50. h5 gxh5+ 51. Nxh5 Rb1 52. f4 Rb4 53. Kf5 Rb5+ 54. e5 {White mates.} Bd4 55. Nf6+ Kf8 56. Nxh7+ Ke8 57. Nf6+ Kf8 58. Rd7 Bc5 59. g4 a4 60. Rd8+ Kf7 61. g5 Be7 62. g6+ Kg7 63. Nh5+ {Weighted Error Value: White=0.09/Black=0.30} 1-0

[Event "1st Easter Festival-A 2021"]
[Site "Bassano del Grappa"]
[Date "2021.04.02"]
[Round "2.8"]
[White "Fischer, Daniel"]
[Black "Dardha, Daniel"]
[Result "1/2-1/2"]
[WhiteElo "2276"]
[BlackElo "2516"]
[Annotator "TA"]
[PlyCount "100"]
[EventDate "2021.04.01"]
[EventType "swiss"]
[EventCountry "ITA"]
[SourceTitle "playchess.com"]
[Source "ChessBase"]
[SourceQuality "1"]

{[%evp 23,100,9,7,13,22,24,28,25,25,0,16,-36,-6,-8,-7,-16,0,0,0,-4,0,-6,0,0,0,0,0,0,0,0,0,0,0,0,0,0,0,0,0,0,0,0,0,0,0,0,0,0,0,0,0,0,0,0,0,0,0,0,0,0,0,0,0,0,0,0,0,0,0,0,0,0,5,0,12,12,12,12,12]} 1. e4 c5 2. Nf3 Nc6 3. d4 cxd4 4. Nxd4 Nf6 5. Nc3 e5 6. Ndb5 d6 7. Bg5 a6 8. Na3 b5 9. Nd5 Be7 10. Bxf6 Bxf6 11. c4 b4 12. Nc2 a5 13. Qf3 {B33: Sicilian: Pelikan and Sveshnikov Variations.} Be6 (13... Bg5 {looks sharper.} 14. h4 Be7 15. g3 O-O 16. Bg2 Be6) 14. Nxf6+ Qxf6 15. Qxf6 {White has an edge.} gxf6 16. O-O-O Ke7 17. b3 {[#]} ({White should try} 17. Ne3 $11) 17... a4 $146 ({Predecessor:} 17... Rhg8 18. g3 Bg4 19. Rd3 a4 20. f3 Be6 21. Be2 axb3 22. axb3 Ra2 23. Rhd1 Rd8 {½-½ (45) Kimelman,M (2273)-Sapozhnikov,R (2184) Toronto 2008}) 18. Kb2 {The position is equal.} Ra7 19. Bd3 Rha8 20. Ra1 Kd7 21. Rhd1 Kc7 22. Be2 (22. a3 {feels hotter.} Rb7 23. bxa4 Rxa4 24. Kb3 Bd7 25. axb4 Nxb4 26. Rxa4 Nxc2+ 27. Kc3) 22... Ra5 23. g4 Rd8 24. Rd3 Rg8 25. h3 axb3 26. axb3 {Rxa5 is the strong threat.} Rxa1 27. Kxa1 h5 {[%cal Rh5g4]} 28. Kb2 hxg4 29. hxg4 Rh8 {White should prevent ...Rh2.} ({Weaker is} 29... Bxg4 {[#]} 30. Rg3 $1 $16) 30. f3 Rh2 31. Bd1 Nb8 32. Kc1 Na6 33. Rd2 Rh1 34. Ne3 Kc6 35. Kb2 Kc5 36. Nc2 Nb8 37. Ne3 Nc6 38. Nc2 Rg1 39. Ka2 Na5 40. Ne3 Nc6 41. Nc2 Ne7 42. Ne3 Ng6 43. Ng2 Nf8 44. Kb2 Nh7 45. Kc2 Ng5 46. Ne3 Rg3 {[#] White must now prevent ...Nxe4!} 47. Nf1 $1 {[%cal Rf1g3]} Rh3 48. Rh2 Kd4 49. Rxh3 Nxh3 50. Kd2 Ng5 {Not much happened in this game.  Weighted Error Value: White=0.03/Black=0.02} 1/2-1/2

[Event "1st Easter Festival-A 2021"]
[Site "Bassano del Grappa"]
[Date "2021.04.02"]
[Round "2.9"]
[White "Niemann, Hans Moke"]
[Black "Brinovec, David"]
[Result "1-0"]
[WhiteElo "2526"]
[BlackElo "2262"]
[Annotator "TA"]
[PlyCount "135"]
[EventDate "2021.04.01"]
[EventType "swiss"]
[EventCountry "ITA"]
[SourceTitle "playchess.com"]
[Source "ChessBase"]
[SourceQuality "1"]

{[%evp 9,135,18,26,11,15,14,18,21,23,-12,-16,-16,-16,-22,-22,-25,-20,-40,-28,-37,-29,-56,-57,-62,-19,-27,-27,-26,0,0,0,0,0,-10,0,-25,0,0,19,0,20,0,-2,-41,0,0,16,0,0,0,0,0,0,0,0,0,4,0,0,0,0,0,30,14,14,15,40,50,43,0,0,7,0,9,96,6,19,-13,0,29,64,0,111,106,97,97,110,11,22,24,137,-14,128,121,168,71,79,42,70,70,86,39,39,29,143,135,350,363,503,477,583,585,804,777,699,760,1045,1028,1322,1343,29969,29969,29977,29978,29981,29982,29983,29984]} 1. e4 e5 2. Nf3 Nc6 3. Bb5 Nf6 4. d3 Bc5 5. Bxc6 dxc6 6. Nbd2 {C65: Ruy Lopez: Berlin Defence (3...Nf6), unusual lines and 4 0-0 Bc5.} Bg4 7. h3 Bh5 8. Nc4 {The position is equal.} Nd7 9. g4 Bg6 {[#]} 10. Be3 $146 ({Predecessor:} 10. Qe2 f6 11. Ne3 Nf8 12. Nf5 Ne6 13. Be3 Bb6 14. a4 Qd7 15. a5 Bxe3 16. fxe3 {½-½ (35) Swiercz,D (2645)-Le,Q (2712) New York 2017}) 10... f6 11. Qd2 Qe7 12. O-O-O O-O-O 13. Qa5 Kb8 14. Nh4 b6 (14... Bf7 {looks sharper.} 15. Nf5 Qf8 16. Kb1 h5 17. f3 g6) 15. Bxc5 Nxc5 (15... bxa5 $2 16. Bxe7 Rde8 17. Nxa5 $18) 16. Qa3 Rd7 17. Nf5 Qf8 18. Nfe3 Ne6 (18... Qe8 {is interesting.} 19. h4 Ne6 20. h5 Bf7 21. Kb1 a5) 19. Qxf8+ Rxf8 20. h4 Nf4 21. Rde1 Kb7 22. Rhg1 b5 23. Nd2 c5 24. b3 Kc6 25. Rg3 Rfd8 26. g5 Bh5 {With the idea ...Rxd3!} (26... Rxd3 $5 27. cxd3 Nxd3+ {[%mdl 64] Double Attack} 28. Kd1 Nxf2+ {[%mdl 64] Double Attack} 29. Kc1 Nd3+ 30. Kd1 Bh5+ 31. Re2 Nf4 $11 {[%mdl 64] Pin}) 27. f3 Bg6 28. Ng4 Rd6 29. Nf1 c4 30. dxc4 bxc4 31. Kb2 a5 32. Nfe3 cxb3 33. axb3 a4 34. Nc4 {Threatens to win with gxf6.} Re6 35. bxa4 Kc5 (35... Rd4 $5 {[%cal Rd4c4]} 36. Nge3 Kc5 $11) 36. Na5 Kb6 37. Nb3 Bf7 38. Rgg1 Red6 39. Re3 c5 $1 40. Rb1 c4 41. Nc1 Kc5 (41... Ka6 $11) 42. Kc3 (42. Ka3 $1 $16) 42... Ra8 $11 43. Rb4 Ng2 44. Re2 Nxh4 45. Rf2 ({White should play} 45. gxf6 $14 gxf6 46. f4) 45... Ng6 (45... Rda6 $1 $11 {remains equal.}) 46. Rh2 $16 Bg8 ({But not} 46... fxg5 $2 47. Rxh7 Be8 48. Rxc4+ (48. Rxg7 Rxa4 49. Rc7+ Rc6 $16) 48... Kb6 49. Rxg7 $18) 47. gxf6 gxf6 48. Nh6 (48. Ne2 $16) 48... Be6 $1 $11 49. Nf5 Rd7 (49... Rb6 $11 {keeps the balance.} 50. Ng7 Bg8 51. Rxb6 Kxb6) 50. Na2 $2 (50. Ne3 $1 $16) 50... Bxf5 (50... Ra5 $11) 51. exf5 $16 Ne7 {Strongly threatening ...Nd5+.} 52. Rxc4+ (52. Rb5+ $18 Kc6 53. Nb4+ Kc7 54. Rh6 (54. Rxh7 Rxa4 55. Rh4 Rd1 $16) (54. Kxc4 Rxa4 55. Kb3 Ra1 $16)) 52... Kb6 53. Rh1 (53. Rh6 {keeps more tension.} Rd6 54. Rxh7 Nxf5 55. Rb4+ Kc6 56. f4) 53... Rc8 54. Rxc8 Nxc8 $14 {[%mdl 4096] Endgame KRN-KRN} 55. Rh6 Rf7 56. Nb4 Ne7 {[#]} (56... Nd6 $11) 57. Rh5 $1 $16 Rg7 $2 {[#] Black cannot hold the game after this.} (57... Kc5 $16 {keeps fighting.} 58. Nd3+ Kc6) 58. Kc4 $1 $18 Ka5 59. Nd5 Ng8 60. Rh4 Ne7 61. Nxe7 Rxe7 {KR-KR} 62. Kd5 Rc7 63. Rh6 Kxa4 64. Rxf6 Rxc2 65. Rf8 {White mates.} Rc3 66. f6 Rxf3 67. f7 Kb5 68. Rb8+ {Weighted Error Value: White=0.17/Black=0.29} 1-0

[Event "1st Easter Festival-A 2021"]
[Site "Bassano del Grappa"]
[Date "2021.04.02"]
[Round "2.10"]
[White "Palozza, Christian"]
[Black "Sonis, Francesco"]
[Result "1/2-1/2"]
[WhiteElo "2263"]
[BlackElo "2477"]
[Annotator "TA"]
[PlyCount "51"]
[EventDate "2021.04.01"]
[EventType "swiss"]
[EventCountry "ITA"]
[SourceTitle "playchess.com"]
[Source "ChessBase"]
[SourceQuality "1"]

{[%evp 12,51,41,27,30,31,32,37,35,15,66,29,31,15,17,14,22,9,0,0,6,4,5,9,37,33,45,25,45,0,48,43,37,39,35,45,10,41,31,0,0,0]} 1. d4 Nf6 2. c4 e6 3. g3 Bb4+ 4. Bd2 c5 5. Bxb4 cxb4 6. Bg2 O-O 7. Nf3 b6 {E11: Bogo-Indian.} 8. Ne5 d5 9. a3 {[#]} bxa3 $146 {White is slightly better.} ({Predecessor:} 9... Qe7 10. O-O Bb7 11. axb4 dxc4 12. Bxb7 Qxb7 13. Nxc4 Rd8 14. e3 Nc6 15. b5 Nb4 {1-0 (24) Csonka,B (2498)-Navalgund,N (2289) Chess.com INT 2021}) 10. Rxa3 Qe7 ({Better is} 10... Bb7 $11) 11. O-O Bb7 12. Nc3 dxc4 13. Bxb7 ({Don't go for} 13. Nxc4 $2 Bxg2 14. Kxg2 b5 $19) 13... Qxb7 14. Nxc4 Rd8 15. Ne5 Nbd7 {[#] Strongly threatening ...Nxe5.} 16. Qa4 Nxe5 17. dxe5 Nd5 18. Nb5 Ne7 19. Nd6 Qd5 20. Rf3 b5 (20... Nf5 $5) 21. Qc2 Ng6 22. Rd1 Qxe5 23. Nxf7 Rxd1+ 24. Qxd1 Qxb2 25. Qd7 {[#] aiming for Nd8.} Qxe2 26. Nh6+ {Weighted Error Value: White=0.09/Black=0.10} 1/2-1/2

[Event "1st Easter Festival-A 2021"]
[Site "Bassano del Grappa"]
[Date "2021.04.02"]
[Round "3.1"]
[White "Bellahcene, Bilel"]
[Black "Bernadskiy, Vitaliy"]
[Result "0-1"]
[WhiteElo "2517"]
[BlackElo "2599"]
[Annotator "TA"]
[PlyCount "86"]
[EventDate "2021.04.01"]
[EventType "swiss"]
[EventCountry "ITA"]
[SourceTitle "playchess.com"]
[Source "ChessBase"]
[SourceQuality "1"]

{[%evp 12,86,50,41,66,33,50,52,47,48,36,37,43,14,22,8,19,10,19,20,18,0,0,0,0,0,0,7,11,5,10,0,8,-13,-15,-17,-8,-15,-4,-18,4,0,0,-14,-8,-12,-11,-40,-27,-33,-15,-88,-93,-75,-27,-38,-13,-56,-52,-57,-26,-26,-29,-88,-85,-206,-209,-209,-215,-229,-210,-520,-517,-502,-468,-931,-905]} 1. d4 Nf6 2. Nf3 g6 3. c4 Bg7 4. Nc3 O-O 5. e4 d6 6. h3 Nbd7 7. Be3 a6 {E90: King's Indian: Classical: Early deviations and 6 h3.} 8. Bd3 c6 9. O-O b5 {White is slightly better.} 10. e5 Ne8 {[%cal Rd6e5]} 11. exd6 exd6 12. Qd2 bxc4 13. Bxc4 Nb6 14. Bb3 {[#]} a5 $146 ({Predecessor:} 14... Be6 15. d5 Nxd5 16. Nxd5 cxd5 17. Bxd5 Bxd5 18. Qxd5 Bxb2 19. Rab1 Bg7 20. Rfd1 {½-½ (20) Kovalenko,I (2453)-Maximov,D (2497) Dnipropetrovsk 2008}) 15. Bg5 Nf6 16. Qf4 a4 17. Bc2 Nbd5 18. Qh4 Nxc3 19. bxc3 Ra5 20. Qf4 Bf5 21. Qd2 h6 22. Bxf5 {And now Bxf6 would win.} hxg5 23. Bc2 g4 24. hxg4 Nxg4 25. Rfe1 Bh6 26. Qd3 Qd7 27. Re2 Nf6 28. Rae1 Nd5 {aiming for ...Nf4.} 29. Re4 Nf4 30. Qf1 Kg7 31. Nh2 (31. g3 $11 Nh3+ 32. Kg2) 31... Bg5 $17 32. g3 Nh5 33. Nf3 Rh8 (33... Bd8 {keeps more tension.} 34. c4 Rh8 35. Rd1 Qf5 36. Qe2 Qc8) 34. Qg2 Bd8 $1 35. c4 {[%cal Bc3c4,Bc4c5][%mdl 32]} Ra7 (35... Nf6 $5 {[%cal Rf6e4]} 36. Rh4 Rxh4 37. gxh4 Nh5 $15) 36. c5 Nf6 37. R4e3 (37. R4e2 $11 {keeps the balance.}) 37... Nd5 38. Ra3 {[#] Loses the game.} (38. Re4 $17 {keeps fighting.}) 38... Ba5 $1 $19 {[%cal Ra5e1]} 39. Rc1 dxc5 {Hoping for ...Nc3.} 40. Ne5 Qe6 41. Nxc6 (41. Be4 {is more resistant.} Nc3 42. Rcxc3 Bxc3 43. Rxc3 cxd4 44. Rc5 Qxa2 45. Qf1) 41... Qxc6 {Black is clearly winning.} 42. Be4 {[#]} Qb6 $1 43. Rxa4 (43. Rb1 $142 Nb4 44. Qf3) 43... Nc3 {Weighted Error Value: White=0.36/Black=0.08} 0-1

[Event "1st Easter Festival-A 2021"]
[Site "Bassano del Grappa"]
[Date "2021.04.02"]
[Round "3.2"]
[White "Checa, Nicolas"]
[Black "Niemann, Hans Moke"]
[Result "0-1"]
[WhiteElo "2546"]
[BlackElo "2526"]
[Annotator "ChessBase"]
[PlyCount "58"]
[EventDate "2021.04.01"]
[EventType "swiss"]
[EventCountry "ITA"]
[SourceTitle "playchess.com"]
[Source "ChessBase"]
[SourceQuality "1"]
[TimeControl "5400+30"]

1. d4 {[%emt 0:08:04]} Nf6 {[%emt 0:00:00]} 2. c4 {[%emt 0:00:07]} e6 {[%emt 0:00:00]} 3. Nf3 {[%emt 0:00:08]} d5 {[%emt 0:00:58]} 4. Nc3 {[%emt 0:02:55]} Bb4 {[%emt 0:01:32]} 5. cxd5 {[%emt 0:00:55]} exd5 {[%emt 0:00:17]} 6. Bg5 {[%emt 0:00:06]} h6 {[%emt 0:00:23]} 7. Bh4 {[%emt 0:00:09]} O-O {[%emt 0:00:15]} 8. e3 {[%emt 0:04:37]} Bf5 {[%emt 0:03:36]} 9. Bd3 {[%emt 0:05:32]} Bxd3 {[%emt 0:00:43]} 10. Qxd3 {[%emt 0:00:02]} c6 {[%emt 0:00:58]} 11. a3 {[%emt 0:01:25]} Bd6 {[%emt 0:04:58]} 12. g4 {[%emt 0:03:38]} Nbd7 {[%emt 0:17:36]} 13. g5 {[%emt 0:05:11]} hxg5 {[%emt 0:00:09]} 14. Nxg5 {[%emt 0:00:09]} c5 {[%emt 0:09:12]} 15. Nh7 {[%emt 0:12:03]} cxd4 {[%emt 0:01:48]} 16. Nxf6+ {[%emt 0:06:36]} Nxf6 {[%emt 0:00:16]} 17. Qxd4 {[%emt 0:00:10]} Be7 {[%emt 0:00:22]} 18. Rg1 {[%emt 0:00:08]} g6 {[%emt 0:01:14]} 19. O-O-O {[%emt 0:10:48]} Rc8 {[%emt 0:00:27]} 20. Qd3 {[%emt 0:01:25]} Ne4 {[%emt 0:03:18]} 21. Bxe7 {[%emt 0:08:55]} Qxe7 {[%emt 0:01:12]} 22. Kb1 {[%emt 0:00:01]} Rxc3 {[%emt 0:24:59]} 23. bxc3 {[%emt 0:01:03]} Rc8 {[%emt 0:00:18]} 24. Rc1 {[%emt 0:02:14]} Qxa3 {[%emt 0:00:30]} 25. Qxd5 {[%emt 0:04:24]} Rc6 {[%emt 0:00:36]} 26. f3 {[%emt 0:05:10]} Rb6+ {[%emt 0:01:58]} 27. Kc2 {[%emt 0:00:02]} Qxc3+ {[%emt 0:00:35]} 28. Kd1 {[%emt 0:00:02]} Nf2+ {[%emt 0:00:11]} 29. Ke2 {[%emt 0:00:11]} Rb2+ {[%emt 0:00:05]} 0-1

[Event "1st Easter Festival-A 2021"]
[Site "Bassano del Grappa"]
[Date "2021.04.02"]
[Round "3.3"]
[White "Shetty, Atulya"]
[Black "Dragnev, Valentin"]
[Result "1/2-1/2"]
[WhiteElo "2447"]
[BlackElo "2564"]
[Annotator "TA"]
[PlyCount "96"]
[EventDate "2021.04.01"]
[EventType "swiss"]
[EventCountry "ITA"]
[SourceTitle "playchess.com"]
[Source "ChessBase"]
[SourceQuality "1"]

{[%evp 11,96,0,0,0,4,10,16,0,0,0,0,-43,-49,-43,-45,-47,-22,-33,-38,-39,-33,-33,-43,-55,-51,-63,-58,-62,-28,-39,-19,-30,8,0,0,-2,0,0,55,2,21,3,1,8,12,29,58,6,53,48,53,46,50,57,93,65,105,0,0,0,0,0,0,-8,-11,-22,-23,-30,-16,-18,0,-58,-68,-69,0,0,0,-46,-1,-6,0,0,0,0,0,0,0]} 1. c4 c5 2. g3 g6 3. Bg2 Bg7 4. Nc3 Nc6 5. Nf3 d6 6. O-O Rb8 {6...e6 is a critical line.} 7. e3 {A37: Symmetrical English vs ...g6: 4 Bg2 Bg7 5 Nf3.} Nh6 {[#]} 8. b3 $146 ({Predecessor:} 8. d4 cxd4 9. Nxd4 Nxd4 10. exd4 Nf5 11. Be3 O-O 12. b3 Nxe3 13. fxe3 a6 14. Rc1 Bd7 {0-1 (39) Percheron,A (1851)-Vakhidov,J (2533) Europe Echecs INT 2021}) 8... Bf5 9. Bb2 Bd3 10. Re1 O-O 11. e4 b5 $1 {[%cal Rb5c4]} 12. cxb5 Bxb5 13. d3 Qa5 14. Qd2 Ng4 15. Rad1 Nge5 16. Nxe5 Bxe5 17. h4 Bd4 18. Ba1 Rfc8 19. Bf1 Ne5 {[#] Hoping for ...Nf3+.} 20. Kg2 Bc6 21. Be2 Qd8 22. f4 Nd7 23. h5 Nf6 24. hxg6 hxg6 (24... fxg6 $11 25. Bf3 e5) 25. Bf3 (25. Rh1 $1 $14) 25... Qd7 $11 26. Rh1 Kg7 $1 27. Ne2 Bxa1 28. Rxa1 Rh8 29. Qc3 (29. f5 $1 $14) 29... Rbg8 30. g4 {[#] Black must now prevent g5.} Rxh1 $1 31. Rxh1 {Threatens to win with g5.} Kf8 32. g5 Nh5 33. Rh4 f6 34. Bxh5 (34. d4 $16) 34... gxh5 35. Ng3 fxg5 36. fxg5 Ke8 37. Rxh5 Qg4 38. Rh8 Qxg5 39. Rxg8+ Qxg8 40. Kf2 Qg4 41. Qd2 (41. Qh8+ $11 Kd7 42. Nf5) 41... Qh4 $15 {aiming for ...Qh2+.} 42. Kf3 Bd7 (42... Qf6+ $15 43. Kg4 Bb5) 43. Qf4 $1 $11 {[%cal Rf4h4]} Qh2 (43... Qh7 {is more complex.} 44. Qg5 a5 45. Qd5 Qg6 46. Nf5 Kf8) 44. Nf5 (44. Qg5 {with more complications.} Bh3 45. Ne2 Qh1+ 46. Kf2 Kd7 47. b4) 44... Qh3+ 45. Ng3 {The position is equal.} Be6 46. Qg5 Kd7 47. Qh5 Qxh5+ 48. Nxh5 Kc6 {Weighted Error Value: White=0.15/Black=0.11} 1/2-1/2

[Event "1st Easter Festival-A 2021"]
[Site "Bassano del Grappa"]
[Date "2021.04.02"]
[Round "3.4"]
[White "Gilevych, Artem"]
[Black "Basso, Pier Luigi"]
[Result "0-1"]
[WhiteElo "2408"]
[BlackElo "2521"]
[Annotator "ChessBase"]
[PlyCount "49"]
[EventDate "2021.04.01"]
[EventType "swiss"]
[EventCountry "ITA"]
[SourceTitle "playchess.com"]
[Source "ChessBase"]
[SourceQuality "1"]
[TimeControl "5400+30"]

1. d4 {[%emt 0:00:00]} d5 {[%emt 0:07:48]} 2. c4 {[%emt 0:00:00]} c6 {[%emt 0:00:07]} 3. Nc3 {[%emt 0:00:02]} Nf6 {[%emt 0:00:07]} 4. e3 {[%emt 1:31:58]} e6 {[%emt 0:04:49]} 5. Nf3 {[%emt 0:00:00]} Nbd7 {[%emt 0:00:03]} 6. Qc2 {[%emt 0:00:00]} b6 {[%emt 0:00:05]} 7. Bd3 {[%emt 0:00:00]} Bb7 {[%emt 0:00:06]} 8. O-O {[%emt 0:00:00]} Be7 {[%emt 0:00:18]} 9. b3 {[%emt 0:00:00]} dxc4 {[%emt 0:00:05]} 10. bxc4 {[%emt 0:00:00]} c5 {[%emt 0:00:05]} 11. d5 {[%emt 0:00:00]} exd5 {[%emt 0:00:06]} 12. cxd5 {[%emt 0:00:00]} Nxd5 {[%emt 0:00:11]} 13. Nxd5 {[%emt 0:00:00]} Bxd5 {[%emt 0:00:07]} 14. Rd1 {[%emt 0:00:00]} Be6 {[%emt 0:01:32]} 15. Bb5 {[%emt 0:00:00]} O-O {[%emt 0:28:58]} 16. Bb2 {[%emt 0:00:00]} Bf6 {[%emt 0:00:36]} 17. Be5 {[%emt 0:00:00]} Nxe5 {[%emt 0:05:22]} 18. Rxd8 {[%emt 0:00:00]} Nxf3+ {[%emt 0:00:05]} 19. gxf3 {[%emt 0:00:00]} Rfxd8 {[%emt 0:00:04]} 20. Rc1 {[%emt 0:00:00]} c4 {[%emt 0:04:16]} 21. Bxc4 {[%emt 0:00:00]} Rac8 {[%emt 0:00:27]} 22. Qe4 {[%emt 0:00:00]} b5 {[%emt 0:05:15]} 23. Qxe6 {[%emt 0:00:00]} Rxc4 {[%emt 0:00:12]} 24. Qxc4 {[%emt 0:00:00]} bxc4 {[%emt 0:00:10]} 25. Rxc4 {[%emt 0:00:00]} 0-1

[Event "1st Easter Festival-A 2021"]
[Site "Bassano del Grappa"]
[Date "2021.04.02"]
[Round "3.4"]
[White "Gilevych, Artem"]
[Black "Bjerre, Jonas Buhl"]
[Result "*"]
[WhiteElo "2408"]
[BlackElo "2549"]
[Annotator "TA"]
[PlyCount "37"]
[EventDate "2021.04.01"]
[EventType "swiss"]
[EventCountry "ITA"]
[SourceTitle "playchess.com"]
[Source "ChessBase"]
[SourceQuality "1"]

{[%evp 16,24,18,22,12,25,23,0,0,0,0]} 1. d4 d5 2. c4 c6 3. Nc3 Nf6 4. e3 e6 5. Nf3 Nbd7 6. Qc2 b6 7. Bd3 Bb7 8. O-O Be7 9. b3 dxc4 {now scores much better than the old 9...0-0. D45: Semi-Slav: 5 e3.} 10. bxc4 c5 11. d5 exd5 12. cxd5 Nxd5 {[#] Not much happened in this game.  Weighted Error Value: White=0.10/Black=0.00} {Predecessor:} 13. Nxd5 $146 Bxd5 14. Bb2 Bxf3 15. gxf3 Bf6 16. Bxf6 Nxf6 17. Rad1 Qe7 18. Qa4+ Kf8 19. Qh4 {0-1 (45) Kozak,A (2523)-Basso,P (2600) Caleta 2020} *

[Event "1st Easter Festival-A 2021"]
[Site "Bassano del Grappa"]
[Date "2021.04.02"]
[Round "3.5"]
[White "Bjerre, Jonas Buhl"]
[Black "Maerevoet, Sim"]
[Result "1-0"]
[WhiteElo "2549"]
[BlackElo "2381"]
[Annotator "ChessBase"]
[PlyCount "77"]
[EventDate "2021.04.01"]
[EventType "swiss"]
[EventCountry "ITA"]
[SourceTitle "playchess.com"]
[Source "ChessBase"]
[SourceQuality "1"]
[TimeControl "5400+30"]

1. d4 {[%emt 0:01:29]} Nf6 {[%emt 0:00:00]} 2. c4 {[%emt 0:00:08]} e6 {[%emt 0:00:00]} 3. Nf3 {[%emt 0:00:06]} b6 {[%emt 0:00:00]} 4. g3 {[%emt 0:00:22]} Bb7 {[%emt 0:00:04]} 5. Bg2 {[%emt 0:00:31]} Be7 {[%emt 0:00:09]} 6. O-O {[%emt 0:00:54]} O-O {[%emt 0:00:06]} 7. Nc3 {[%emt 0:01:50]} Ne4 {[%emt 0:00:17]} 8. Bd2 {[%emt 0:00:55]} d6 {[%emt 0:01:07]} 9. Qc2 {[%emt 0:04:48]} Nxd2 {[%emt 0:02:34]} 10. Nxd2 {[%emt 0:03:51]} Bxg2 {[%emt 0:01:29]} 11. Kxg2 {[%emt 0:00:03]} Nd7 {[%emt 0:08:16]} 12. Rad1 {[%emt 0:01:38]} Qc8 {[%emt 0:04:55]} 13. f4 {[%emt 0:09:45]} a6 {[%emt 0:17:08]} 14. Nf3 {[%emt 0:06:05]} b5 {[%emt 0:03:14]} 15. b3 {[%emt 0:05:49]} Nb6 {[%emt 0:07:56]} 16. Qd3 {[%emt 0:06:59]} bxc4 {[%emt 0:06:12]} 17. bxc4 {[%emt 0:00:11]} a5 {[%emt 0:00:07]} 18. d5 {[%emt 0:05:25]} c6 {[%emt 0:06:28]} 19. Rb1 {[%emt 0:08:24]} Nd7 {[%emt 0:09:03]} 20. dxe6 {[%emt 0:03:35]} fxe6 {[%emt 0:00:50]} 21. Ne4 {[%emt 0:02:44]} d5 {[%emt 0:00:40]} 22. Neg5 {[%emt 0:01:43]} Bxg5 {[%emt 0:00:18]} 23. Nxg5 {[%emt 0:00:31]} Nf6 {[%emt 0:00:07]} 24. Rfc1 {[%emt 0:02:47]} h6 {[%emt 0:02:20]} 25. Nf3 {[%emt 0:01:21]} Qa6 {[%emt 0:05:09]} 26. Ne5 {[%emt 0:04:12]} Rab8 {[%emt 0:02:45]} 27. c5 {[%emt 0:03:54]} Qa8 {[%emt 0:02:04]} 28. Rb6 {[%emt 0:03:35]} Rxb6 {[%emt 0:02:02]} 29. cxb6 {[%emt 0:00:04]} Rc8 {[%emt 0:00:12]} 30. Qa3 {[%emt 0:04:39]} Qa6 {[%emt 0:02:34]} 31. Qb2 {[%emt 0:02:10]} Qb7 {[%emt 0:00:30]} 32. Rc5 {[%emt 0:01:09]} d4 {[%emt 0:02:52]} 33. Nc4 {[%emt 0:04:47]} Nd7 {[%emt 0:01:13]} 34. Nd6 {[%emt 0:01:24]} Qa6 {[%emt 0:03:43]} 35. Nxc8 {[%emt 0:05:07]} Nxc5 {[%emt 0:00:06]} 36. Ne7+ {[%emt 0:00:39]} Kf8 {[%emt 0:02:18]} 37. Nxc6 {[%emt 0:01:21]} d3 {[%emt 0:02:46]} 38. Qd4 {[%emt 0:01:56]} d2 {[%emt 0:02:10]} 39. Qd8+ {[%emt 0:00:56]} 1-0